| 000 | 00631cab a2200217 4500 | ||
|---|---|---|---|
| 001 | ABS50004 | ||
| 008 | 090401t1994 xxu||||| |||| 00| 0 eng d | ||
| 035 | _a(Sirsi) u73606 | ||
| 041 | _aeng | ||
| 245 | _aRepairs begin as damage mounts | ||
| 260 | _c1994 | ||
| 350 | _a0 | ||
| 490 |
_aEngineering News Record _v232(4) 24 January 1994, 6-11(5) |
||
| 520 | _aReports initial assessments of the earthquake damage to property and infrastructure in Los Angeles. | ||
| 650 | _aEARTHQUAKE DAMAGE | ||
| 650 | _aLOS ANGELES | ||
| 650 | _aUNITED STATES | ||
| 690 | _aOVERSEAS-NORTH AMERICA | ||
| 942 | _n0 | ||
| 948 | _c04/03/1997 | ||
| 999 |
_c46495 _d46495 |
||